000 00750nam a22002057a 4500
999 _c7951
_d7951
003 AR-CdUCM
008 190321b ||||| |||| 00| 0 spa d
040 _aMUNICIPALIDAD PROVINCIAL DEL CUSCO
_cBIBLIOTECA MUNICIPAL DEL CUSCO
082 _a985 /
_bM22
110 _aProyecto Pro-Manu
_922465
245 _aEl Manu a través de la historia /
260 _aLima :
_bUnión Europea,
_c2003.
300 _a134 páginas ;
_bilustraciones, fotografías,
_c27 cm.
505 _aContenido: La naturaleza y su uso por el hombre -- El hombre -- La época pre incaica -- La época incaica -- Conquista y colonia ...
650 _aHistoria
_9136
650 _aManú
_922466
650 _aÉpoca de la República
_910770
942 _2ddc
_cLIBROS
945 _araen